Statistics for Endemic Australian Birds

Click here to take the quiz!

General Stats

  • This quiz has been taken 22 times
    (20 since last reset)
  • The average score is 103 of 349

Answer Stats

FamilyAnswer% Correct
CasuariiformesCasuariidaeEmu
91%
PasseriformesCorvidaeAustralian Raven
82%
ColumbiformesColumbidaeCrested Pigeon
82%
PasseriformesPardalotidaeSpotted Pardalote
82%
PasseriformesMaluridaeSuperb Fairy-wren
82%
PasseriformesMenuridaeAlbert's Lyrebird
73%
PelecaniformesPelecanidaeAustralian Pelican
73%
PsittaciformesPsittacidaeBudgerigar
73%
PsittaciformesCacatuidaeCockatiel
73%
PsittaciformesPsittacidaeEastern Rosella
73%
PasseriformesPardalotidaeForty-spotted Pardalote
73%
PsittaciformesCacatuidaeGalah
73%
CoraciiformesAlcedinidaeLaughing Kookaburra
73%
PsittaciformesCacatuidaeLong-billed Corella
73%
PasseriformesMaluridaePurple-crowned Fairy-wren
73%
PsittaciformesPsittacidaeRainbow Lorikeet
73%
PasseriformesPardalotidaeStriated Pardalote
73%
PasseriformesMenuridaeSuperb Lyrebird
73%
PasseriformesMaluridaeVariegated Fairy-wren
73%
PsittaciformesPsittacidaeCrimson Rosella
64%
PasseriformesPetroicidaeEastern Yellow Robin
64%
PasseriformesPetroicidaeFlame Robin
64%
PasseriformesCorvidaeForest Raven
64%
GalliformesMegapodiidaeMalleefowl
64%
PasseriformesArtamidaePied Currawong
64%
PsittaciformesCacatuidaeRed-tailed Black-Cockatoo
64%
PasseriformesPetroicidaeRose Robin
64%
PasseriformesMaluridaeSplendid Fairy-wren
64%
PasseriformesParadisaeidaeVictoria's Riflebird
64%
PsittaciformesPsittacidaeWestern Rosella
64%
PsittaciformesCacatuidaeYellow-tailed Black-Cockatoo
64%
PasseriformesArtamidaeBlack Currawong
55%
PsittaciformesCacatuidaeCarnaby's Black-Cockatoo
55%
AnseriformesAnatidaeChestnut Teal
55%
PasseriformesMeliphagidaeEastern Spinebill
55%
PsittaciformesPsittacidaeGolden-shouldered Parrot
55%
PasseriformesPachycephalidaeGolden Whistler
55%
PasseriformesEstrilidaeGouldian FInch
55%
PsittaciformesPsittacidaeGreen Rosella
55%
PsittaciformesPsittacidaeGround Parrot
55%
PodicipediformesPodicipedidaeHoary-headed Grebe
55%
PasseriformesCorvidaeLittle Raven
55%
PsittaciformesCacatuidaeMajor Mitchell's Cockatoo
55%
PsittaciformesPsittacidaeMusk Lorikeet
55%
PsittaciformesPsittacidaeOrange-bellied Parrot
55%
PasseriformesPittidaeRainbow Pitta
55%
PasseriformesEstrilidaeRed-browed Finch
55%
PsittaciformesPsittacidaeRed-rumped Parrot
55%
PasseriformesMeliphagidaeRed Wattlebird
55%
PasseriformesMeliphagidaeRegent Honeyeater
55%
PasseriformesPtilonorhynchidaeSatin Bowerbird
55%
ColumbiformesColumbidaeSpinifex Pigeon
55%
PsittaciformesPsittacidaeSwift Parrot
55%
PsittaciformesCacatuidaeWestern Corella
55%
PsittaciformesPsittacidaeAustralian King-Parrot
45%
PsittaciformesPsittacidaeAustralian Ringneck
45%
FalconiformesFalconidaeBlack Falcon
45%
AnseriformesAnatidaeCape Barren Goose
45%
PasseriformesFalcunculidaeCrested Shrike-tit
45%
PsittaciformesCacatuidaeGang-Gang Cockatoo
45%
PsittaciformesCacatuidaeGlossy Black-Cockatoo
45%
FalconiformesFalconidaeGrey Falcon
45%
PsittaciformesPsittacidaeHooded Parrot
45%
PasseriformesPetroicidaeJacky Winter
45%
PasseriformesCorvidaeLittle Crow
45%
PasseriformesMeliphagidaeLittle Wattlebird
45%
PsittaciformesPsittacidaeMulga Parrot
45%
PasseriformesMeliphagidaeNew Holland Honeyeater
45%
PsittaciformesPsittacidaeNight Parrot
45%
PasseriformesMeliphagidaeNoisy Miner
45%
PsittaciformesPsittacidaePale-headed Rosella
45%
PasseriformesPetroicidaePink Robin
45%
CharadriiformesPedionomidaePlains-wanderer
45%
StrigiformesStrigidaePowerful Owl
45%
PasseriformesMaluridaeRed-backed Fairy-wren
45%
PasseriformesPtilonorhynchidaeRegent Bowerbird
45%
PasseriformesPetroicidaeScarlet Robin
45%
PasseriformesAcanthizidaeStriated Thornbill
45%
PasseriformesAcanthizidaeTasmanian Thornbill
45%
CaprimulgiformesPodargidaeTawny Frogmouth
45%
PsittaciformesPsittacidaeTurquoise Parrot
45%
PasseriformesMaluridaeWhite-winged Fairy-wren
45%
PasseriformesAcanthizidaeYellow Thornbill
45%
PasseriformesCorcoracidaeApostlebird
36%
GalliformesMegapodiidaeAustralian Brush-turkey
36%
CharadriiformesRostratulidaeAustralian Painted-Snipe
36%
CharadriiformesRecurvirostridaeBanded Stilt
36%
PasseriformesTurdidaeBassian Thrush
36%
PsittaciformesCacatuidaeBaudin's Black-Cockatoo
36%
PasseriformesMeliphagidaeBell Miner
36%
SuliformesPhalacrocoracidaeBlack-faced Cormorant
36%
AnseriformesAnatidaeBlack Swan
36%
AnseriformesAnatidaeBlue-billed Duck
36%
PsittaciformesPsittacidaeBlue-winged Parrot
36%
PasseriformesAcanthizidaeBrown Thornbill
36%
ColumbiformesColumbidaeCommon Bronzewing
36%
PasseriformesMeliphagidaeCrimson Chat
36%
PasseriformesEstrilidaeDiamond Firetail
36%
PasseriformesArtamidaeDusky Woodswallow
36%
PasseriformesPtilonorhynchidaeGolden Bowerbird
36%
PasseriformesArtamidaeGrey Butcherbird
36%
PasseriformesArtamidaeGrey Currawong
36%
CharadriiformesCharadriidaeHooded Plover
36%
PasseriformesPetroicidaeHooded Robin
36%
PasseriformesMeliphagidaeLewin's Honeyeater
36%
PasseriformesMaluridaeLovely Fairy-wren
36%
AnseriformesAnatidaeMusk Duck
36%
PsittaciformesPsittacidaeNorthern Rosella
36%
CharadriiformesLaridaePacific Gull
36%
PasseriformesParadisaeidaeParadise Riflebird
36%
PasseriformesMonarchidaePied Monarch
36%
PsittaciformesPsittacidaePrincess Parrot
36%
PsittaciformesPsittacidaeRed-capped Parrot
36%
CharadriiformesRecurvirostridaeRed-necked Avocet
36%
PasseriformesMaluridaeRed-winged Fairy-wren
36%
PsittaciformesPsittacidaeScaly-breasted Lorikeet
36%
CharadriiformesHaematopodidaeSooty Oystercatcher
36%
PsittaciformesPsittacidaeVaried Lorikeet
36%
PasseriformesNeosittidaeVaried Sittella
36%
PasseriformesPtilonorhynchidaeWestern Bowerbird
36%
PasseriformesMeliphagidaeWestern Spinebill
36%
PasseriformesAcanthizidaeWestern Thornbill
36%
PasseriformesMeliphagidaeWestern Wattlebird
36%
PasseriformesPetroicidaeWestern Yellow Robin
36%
PasseriformesMeliphagidaeWhite-eared Honeyeater
36%
PasseriformesMeliphagidaeWhite-plumed Honeyeater
36%
PasseriformesCorcoracidaeWhite-winged Chough
36%
ColumbiformesColumbidaeWonga Pigeon
36%
PasseriformesMeliphagidaeYellow Chat
36%
PasseriformesMeliphagidaeYellow Honeyeater
36%
PasseriformesMeliphagidaeYellow Wattlebird
36%
PasseriformesEstrilidaeZebra Finch
36%
StrigiformesTytonidaeAustralian Masked-Owl
27%
GruiformesRallidaeAustralian Spotted Crake
27%
PasseriformesMeliphagidaeBlack-eared Miner
27%
PasseriformesMaluridaeBlack Grasswren
27%
PasseriformesMeliphagidaeBlack-headed Honeyeater
27%
PsittaciformesPsittacidaeBourke's Parrot
27%
PasseriformesMeliphagidaeBrown-headed Honeyeater
27%
PasseriformesAcanthizidaeChestnut-breasted Whiteface
27%
ColumbiformesColumbidaeChestnut-quilled Rock-Pigeon
27%
PasseriformesPetroicidaeDusky Robin
27%
PasseriformesDasyornithidaeEastern Bristlebird
27%
PsittaciformesPsittacidaeElegant Parrot
27%
PasseriformesMeliphagidaeEungella Honeyeater
27%
ColumbiformesColumbidaeFlock Bronzewing
27%
AnseriformesAnatidaeFreckled Duck
27%
PasseriformesMonarchidaeFrilled Monarch
27%
AccipitriformesAccipitridaeGrey Goshawk
27%
CharadriiformesCharadriidaeInland Dotterel
27%
PasseriformesAcanthizidaeInland Thornbill
27%
PasseriformesMeliphagidaeMangrove Honeyeater
27%
PasseriformesAcanthizidaeMountain Thornbill
27%
PasseriformesPachycephalidaeOlive Whistler
27%
PasseriformesMeliphagidaeOrange Chat
27%
PasseriformesMeliphagidaePainted Honeyeater
27%
PasseriformesPetroicidaePale Yellow Robin
27%
ColumbiformesColumbidaePartridge Pigeon
27%
PasseriformesArtamidaePied Butcherbird
27%
PasseriformesMeliphagidaePied Honeyeater
27%
PasseriformesAcanthizidaePilotbird
27%
AnseriformesAnatidaePink-eared Duck
27%
AnseriformesAnatidaePlumed Whistling-Duck
27%
PsittaciformesPsittacidaePurple-crowned Lorikeet
27%
CoraciiformesAlcedinidaeRed-backed Kingfisher
27%
PasseriformesPetroicidaeRed-capped Robin
27%
PsittaciformesPsittacidaeRed-collared Lorikeet
27%
PasseriformesPachycephalidaeRed-lored Whistler
27%
PsittaciformesPsittacidaeRegent Parrot
27%
PsittaciformesPsittacidaeRock Parrot
27%
PasseriformesAcanthizidaeRockwarbler
27%
PasseriformesAtrichornithidaeRufous Scrub-bird
27%
PsittaciformesPsittacidaeScarlet-chested Parrot
27%
PasseriformesMeliphagidaeScarlet Honeyeater
27%
PasseriformesAcanthizidaeScrubtit
27%
PasseriformesMeliphagidaeSinging Honeyeater
27%
StrigiformesTytonidaeSooty Owl
27%
PasseriformesMaluridaeStriated Grasswren
27%
PasseriformesMeliphagidaeStrong-billed Honeyeater
27%
PsittaciformesPsittacidaeSuperb Parrot
27%
ColumbiformesColumbidaeTopknot Pigeon
27%
PasseriformesAcanthizidaeWeebill
27%
PasseriformesDasyornithidaeWestern Bristlebird
27%
PasseriformesClimacteridaeWhite-browed Treecreeper
27%
PasseriformesMeliphagidaeWhite-cheeked Honeyeater
27%
PasseriformesMeliphagidaeWhite-naped Honeyeater
27%
PasseriformesMaluridaeWhite-throated Grasswren
27%
PasseriformesClimacteridaeWhite-throated Treecreeper
27%
PasseriformesMeliphagidaeYellow-throated Honeyeater
27%
PasseriformesAcanthizidaeAtherton Scrubwren
18%
PasseriformesOrthonychidaeAustralian Logrunner
18%
CaprimulgiformesApodidaeAustralian Swiftlet
18%
AnseriformesAnatidaeAustralian Wood Duck
18%
ColumbiformesColumbidaeBanded Fruit-Dove
18%
PasseriformesMeliphagidaeBanded Honeyeater
18%
PasseriformesAcanthizidaeBanded Whiteface
18%
PasseriformesEstrilidaeBeautiful Firetail
18%
CharadriiformesTurnicidaeBlack-breasted Button-quail
18%
AccipitriformesAccipitridaeBlack-breasted Buzzard
18%
PasseriformesMeliphagidaeBlack-chinned Honeyeater
18%
AccipitriformesAccipitridaeBlack-shouldered Kite
18%
PasseriformesClimacteridaeBlack-tailed Treecreeper
18%
PasseriformesEstrilidaeBlack-throated Finch
18%
PasseriformesPsophodidaeBlack-throated Whipbird
18%
PsittaciformesPsittacidaeBluebonnet
18%
PasseriformesMaluridaeBlue-breasted Fairy-wren
18%
PasseriformesPachycephalidaeBower's Shrike-thrush
18%
PasseriformesMeliphagidaeBridled Honeyeater
18%
PasseriformesAcanthizidaeBrown Gerygone
18%
PasseriformesClimacteridaeBrown Treecreeper
18%
ColumbiformesColumbidaeBrush Bronzewing
18%
CharadriiformesTurnicidaeBuff-breasted Button-quail
18%
PasseriformesAcanthizidaeBuff-rumped Thornbill
18%
PasseriformesAcanthizidaeChestnut-rumped Thornbill
18%
PasseriformesOrthonychidaeChowchilla
18%
PasseriformesOreoicidaeCrested Bellbird
18%
ColumbiformesColumbidaeDiamond Dove
18%
PasseriformesEstrilidaeDouble-barred Finch
18%
PasseriformesMaluridaeDusky Grasswren
18%
PasseriformesPsophodidaeEastern Whipbird
18%
PasseriformesHirundinidaeFairy Martin
18%
PasseriformesAcanthizidaeFernwren
18%
PasseriformesMeliphagidaeFuscous Honeyeater
18%
PasseriformesMeliphagidaeGibberbird
18%
PasseriformesPachycephalidaeGilbert's Whistler
18%
PasseriformesPtilonorhynchidaeGreat Bowerbird
18%
PasseriformesPtilonorhynchidaeGreen Catbird
18%
PasseriformesMaluridaeGrey Grasswren
18%
PasseriformesPachycephalidaeGrey Whistler
18%
PasseriformesCampephagidaeGround Cuckoo-shrike
18%
PasseriformesMaluridaeKalkadoon Grasswren
18%
StrigiformesTytonidaeLesser Sooty Owl
18%
AccipitriformesAccipitridaeLetter-winged Kite
18%
CharadriiformesTurnicidaeLittle Button-quail
18%
PsittaciformesPsittacidaeLittle Lorikeet
18%
PasseriformesArtamidaeLittle Woodswallow
18%
PasseriformesEstrilidaeLong-tailed Finch
18%
PasseriformesMaluridaeMallee Emu-wren
18%
PasseriformesArtamidaeMasked Woodswallow
18%
PasseriformesAtrichornithidaeNoisy Scrub-bird
18%
CharadriiformesTurnicidaePainted Button-quail
18%
PasseriformesMeliphagidaePurple-gaped Honeyeater
18%
PasseriformesPardalotidaeRed-browed Pardalote
18%
PasseriformesClimacteridaeRed-browed Treecreeper
18%
AccipitriformesAccipitridaeRed Goshawk
18%
PasseriformesDasyornithidaeRufous Bristlebird
18%
PasseriformesMeliphagidaeRufous-throated Honeyeater
18%
PasseriformesClimacteridaeRufous Treecreeper
18%
PasseriformesMaluridaeShort-tailed Grasswren
18%
PasseriformesAcanthizidaeShy Heathwren
18%
PasseriformesAcanthizidaeSlaty-backed Thornbill
18%
PasseriformesAcanthizidaeSlender-billed Thornbill
18%
PasseriformesMaluridaeSouthern Emu-wren
18%
PasseriformesAcanthizidaeSouthern Whiteface
18%
PasseriformesAcanthizidaeSpeckled Warbler
18%
PasseriformesLocustellidaeSpinifexbird
18%
CaprimulgiformesCaprimulgidaeSpotted Nightjar
18%
ColumbiformesColumbidaeSquatter Pigeon
18%
PasseriformesEstrilidaeStar Finch
18%
GalliformesPhasianidaeStubble Quail
18%
GruiformesRallidaeTasmanian Native-hen
18%
PasseriformesAcanthizidaeTasmanian Scrubwren
18%
PasseriformesAcanthizidaeWestern Gerygone
18%
PasseriformesPsophodidaeWhite-bellied Whipbird
18%
PasseriformesPetroicidaeWhite-breasted Robin
18%
PasseriformesPetroicidaeWhite-browed Robin
18%
PasseriformesAcanthizidaeWhite-browed Scrubwren
18%
PasseriformesArtamidaeWhite-browed Woodswallow
18%
PasseriformesMeliphagidaeWhite-fronted Chat
18%
ColumbiformesColumbidaeWhite-headed Pigeon
18%
PelecaniformesArdeidaeWhite-necked Heron
18%
CaprimulgiformesCaprimulgidaeWhite-throated Nightjar
18%
PasseriformesMeliphagidaeYellow-plumed Honeyeater
18%
PasseriformesAcanthizidaeYellow-rumped Thornbill
18%
PasseriformesMeliphagidaeYellow-throated Miner
18%
PasseriformesAcanthizidaeYellow-throated Scrubwren
18%
PasseriformesMeliphagidaeYellow-tufted Honeyeater
18%
CharadriiformesCharadriidaeBanded Lapwing
9%
CuculiformesCuculidaeBlack-eared Cuckoo
9%
PasseriformesMeliphagidaeBlack Honeyeater
9%
GruiformesRallidaeBlack-tailed Native-hen
9%
ColumbiformesColumbidaeBrown Cuckoo-Dove
9%
PasseriformesLocustellidaeBrown Songlark
9%
PasseriformesPetroicidaeBuff-sided Robin
9%
PasseriformesMaluridaeCarpentarian Grasswren
9%
PasseriformesCinclosomatidaeChestnut-breasted Quail-thrush
9%
PasseriformesPomatostomidaeChestnut-crowned Babbler
9%
PasseriformesCinclosomatidaeChestnut Quail-thrush
9%
PasseriformesAcanthizidaeChestnut-rumped Heathwren
9%
PasseriformesPsophodidaeChiming Wedgebill
9%
PasseriformesPsophodidaeChirruping Wedgebill
9%
PasseriformesCinclosomatidaeCinnamon Quail-thrush
9%
PasseriformesMeliphagidaeCrescent Honeyeater
9%
PasseriformesAcanthizidaeDusky Gerygone
9%
PasseriformesMeliphagidaeGilbert's Honeyeater
9%
PasseriformesMeliphagidaeGrey Honeyeater
9%
PasseriformesPomatostomidaeHall's Babbler
9%
PasseriformesMeliphagidaeKimberley Honeyeater
9%
PasseriformesAcanthizidaeLarge-billed Scrubwren
9%
AccipitriformesAccipitridaeLittle Eagle
9%
PasseriformesMeliphagidaeMacleay's Honeyeater
9%
PasseriformesEstrilidaeMasked Finch
9%
PasseriformesDicaeidaeMistletoebird
9%
PasseriformesPetroicidaeNorthern Scrub-robin
9%
PasseriformesCinclosomatidaeNullarbor Quail-thrush
9%
PasseriformesEstrilidaePainted Finch
9%
PasseriformesEstrilidaePictorella Mannikin
9%
PasseriformesEstrilidaePlum-headed Finch
9%
CharadriiformesTurnicidaeRed-chested Button-quail
9%
PasseriformesEstrilidaeRed-eared Firetail
9%
PasseriformesAcanthizidaeRedthroat
9%
PasseriformesMonarchidaeRestless Flycatcher
9%
PasseriformesMaluridaeRufous-crowned Emu-wren
9%
PasseriformesAcanthizidaeRufous Fieldwren
9%
PasseriformesLocustellidaeRufous Songlark
9%
PasseriformesPachycephalidaeSandstone Shrike-thrush
9%
PasseriformesPetroicidaeSouthern Scrub-robin
9%
PasseriformesMeliphagidaeSpiny-cheeked Honeyeater
9%
PasseriformesPtilonorhynchidaeSpotted Bowerbird
9%
PasseriformesCinclosomatidaeSpotted Quail-thrush
9%
AccipitriformesAccipitridaeSquare-tailed Kite
9%
PasseriformesAcanthizidaeStriated Fieldwren
9%
PasseriformesMeliphagidaeStriped Honeyeater
9%
PasseriformesPtilonorhynchidaeTooth-billed Bowerbird
9%
PasseriformesAcanthizidaeWestern Fieldwren
9%
PasseriformesMaluridaeWestern Grasswren
9%
PasseriformesCinclosomatidaeWestern Quail-thrush
9%
PasseriformesHirundinidaeWhite-backed Swallow
9%
PasseriformesPachycephalidaeWhite-breasted Whistler
9%
PasseriformesPomatostomidaeWhite-browed Babbler
9%
PasseriformesMonarchidaeWhite-eared Monarch
9%
PasseriformesMeliphagidaeWhite-fronted Honeyeater
9%
PasseriformesMeliphagidaeWhite-lined Honeyeater
9%
ColumbiformesColumbidaeWhite-quilled Rock-Pigeon
9%
PasseriformesMeliphagidaeWhite-streaked Honeyeater
9%
PasseriformesMeliphagidaeYellow-faced Honeyeater
9%
PasseriformesEstrilidaeYellow-rumped Mannikin
9%
PasseriformesMeliphagidaeYellow-spotted Honeyeater
9%
PasseriformesZosteropidaeYellow White-eye
9%
PasseriformesMeliphagidaeBar-breasted Honeyeater
0%
CharadriiformesTurnicidaeChestnut-backed Button-quail
0%
PasseriformesMaluridaeEyrean Grasswren
0%
PasseriformesMeliphagidaeGrey-fronted Honeyeater
0%
PasseriformesMeliphagidaeGrey-headed Honeyeater
0%
PasseriformesMeliphagidaeSilver-crowned Friarbird
0%
PasseriformesMeliphagidaeTawny-crowned Honeyeater
0%
PasseriformesMaluridaeThick-billed Grasswren
0%
PasseriformesMeliphagidaeWhite-gaped Honeyeater
0%
PelecaniformesThreskiornithidaeYellow-billed Spoonbill
0%

Score Distribution

Percentile by Number Answered

Percent of People with Each Score

Your Score History

You have not taken this quiz since the last reset